South Africa 2026 FIFA World Cup Squad - Statistics

General Stats
  • This quiz has been taken 4 times
  • The average score is 5 of 27
Answer Stats
# Position Player % Correct
FW Lyle Foster
100%
MF Teboho Mokoena
67%
DF Bradley Cross
33%
DF Ime Okon
33%
MF Jayden Adams
33%
FW Oswin Appollis
33%
© GK Ronwen Williams
33%
DF Samukele Kabini
33%
MF Thalente Mbatha
33%
FW Thapelo Maseko
33%
FW Themba Zwane
33%
DF Aubrey Modiba
0%
FW Evidence Makgopa
0%
Manager Hugo Broos
0%
FW Iqraam Rayners
0%
DF Kamogelo Sebelebele
0%
DF Khuliso Mudau
0%
DF Khulumani Ndamane
0%
DF Mbekezeli Mbokazi
0%
DF Nkosinathi Sibisi
0%
DF Olwethu Makhanya
0%
FW Relebohile Mofokeng
0%
GK Ricardo Goss
0%
GK Sipho Chaine
0%
MF Sphephelo Sithole
0%
DF Thabang Matuludi
0%
FW Tshepang Moremi
0%
No matching quizzes found
Score Distribution
Percent of People with Each Score
Percentile by Number Answered
Your Score History
You have not taken this quiz